Normal view
MARC view
Entry Personal Name
001 - CONTROL NUMBER
- control field: 12763
003 - CONTROL NUMBER IDENTIFIER
- control field: BD-RjUL
005 - DATE AND TIME OF LATEST TRANSACTION
- control field: 20240429095115.0
008 - FIXED-LENGTH DATA ELEMENTS
- fixed length control field: 240429|| aca||aabn | a|a d
040 ## - CATALOGING SOURCE
- Original cataloging agency: BD-RjUL
- Transcribing agency: BD-RjUL
100 ## - HEADING--PERSONAL NAME
- Personal name: Rhaman, M. Shamsur, Supervisor
670 ## - SOURCE DATA FOUND
- Source citation: Work cat.: (BD-RjUL)83606: Kamruzzaman, Md., Impact of Urbanization and Industrialization on the Natural Plant Communities /, 2005